[Event "25th European Teams"]
[Site "Batumi GEO"]
[Date "2025.10.13"]
[Round "8.3"]
[Board "2"]
[White "Svane, Rasmus"]
[Black "Sarana, Alexey"]
[Result "0-1"]
[WhiteTitle "GM"]
[BlackTitle "GM"]
[WhiteElo "2614"]
[BlackElo "2661"]
[WhiteTeam "Germany"]
[BlackTeam "Serbia"]
[WhiteFideId "4657101"]
[BlackFideId "24133795"]
[EventDate "2025.10.05"]

1. c4 e6 2. Nc3 Nf6 3. e4 c5 4. e5 Ng8 5. d4 cxd4 6. Qxd4 Nc6 7. Qf4 d6 8. Nf3
Nh6 9. Bd2 dxe5 10. Nxe5 Bd6 11. Nxc6 Bxf4 12. Nxd8 Bxd2+ 13. Kxd2 Kxd8 14. Bd3
Bd7 15. Rhe1 Ng4 16. Be2 Nf6 17. Bf3 Kc7 18. Rad1 g5 19. Kc2 Rad8 20. Re5 g4 21.
Be2 Bc6 22. Rxd8 Kxd8 23. g3 h5 24. b4 Ke7 25. Ra5 a6 26. a4 Rd8 27. b5 Be4+ 28.
Kc1 axb5 29. axb5 Bg2 30. Ra7 Nd7 31. Kd2 Nb6+ 32. Kc2 Kd6 33. Na4 Nxa4 34. Rxa4
Kc5 35. Kc3 e5 36. Ra1 Be4 37. Re1 Rd4 38. Ra1 Bf3 39. Bd3 Rd8 40. Bc2 Rd4 41.
Bd3 Rd8 42. Bc2 h4 43. Re1 f6 44. gxh4 Rh8 45. Be4 Rxh4 46. Bxf3 gxf3 47. Rh1 f5
48. Kd3 e4+ 49. Ke3 Kxc4 50. b6 Kc5 51. Rc1+ Kxb6 52. h3 Rxh3 53. Kf4 Rh5 54.
Rb1+ Kc6 55. Rc1+ Kd5 56. Rb1 Rh2 57. Kxf5 Rxf2 58. Rd1+ Kc4 59. Kxe4 b5 60. Ke3
Rc2 61. Kxf3 b4 62. Ke3 b3 63. Rd4+ Kc3 64. Rd3+ Kb2 65. Rd8 Kb1 66. Kd3 b2 67.
Rh8 Rc7 68. Kd2 Ra7 0-1

[Event "25th European Teams"]
[Site "Batumi GEO"]
[Date "2025.10.13"]
[Round "8.3"]
[Board "3"]
[White "Indjic, Aleksandar"]
[Black "Bluebaum, Matthias"]
[Result "1/2-1/2"]
[WhiteTitle "GM"]
[BlackTitle "GM"]
[WhiteElo "2618"]
[BlackElo "2687"]
[WhiteTeam "Serbia"]
[BlackTeam "Germany"]
[WhiteFideId "911925"]
[BlackFideId "24651516"]
[EventDate "2025.10.05"]

1. d4 d5 2. c4 e6 3. Nc3 Be7 4. cxd5 exd5 5. Bf4 Nf6 6. e3 O-O 7. Bd3 c5 8. dxc5
Bxc5 9. Nf3 Nc6 10. O-O d4 11. exd4 Nxd4 12. h3 Be6 13. Be5 Nxf3+ 14. Qxf3 Bd4
15. Rfe1 Bxe5 16. Rxe5 a6 17. Rae1 Qb6 18. Rg5 h6 19. Rg3 Kh8 20. Qe2 Rad8 21.
Re3 Rd4 22. a3 Rfd8 23. b4 Qc6 24. Bb1 Rd2 25. Qf3 Qxf3 26. Rxf3 Kg8 27. Ne4
Nxe4 28. Bxe4 b6 29. Rc3 a5 30. bxa5 bxa5 31. Bc2 1/2-1/2

[Event "25th European Teams"]
[Site "Batumi GEO"]
[Date "2025.10.13"]
[Round "8.3"]
[Board "4"]
[White "Svane, Frederik"]
[Black "Ivic, Velimir"]
[Result "1/2-1/2"]
[WhiteTitle "GM"]
[BlackTitle "GM"]
[WhiteElo "2638"]
[BlackElo "2628"]
[WhiteTeam "Germany"]
[BlackTeam "Serbia"]
[WhiteFideId "12923044"]
[BlackFideId "950122"]
[EventDate "2025.10.05"]

1. g3 d5 2. Nf3 Nf6 3. Bg2 e6 4. O-O Be7 5. c4 O-O 6. d4 dxc4 7. Qc2 a6 8. a4
Bd7 9. Qxc4 Bc6 10. Bg5 Nbd7 11. Nc3 h6 12. Bxf6 Nxf6 13. Rfd1 a5 14. Qb3 Rb8
15. h4 Bb4 16. Ne5 Bd5 17. Qc2 Bxg2 18. Kxg2 c6 19. e4 Qe7 20. Qe2 Rfd8 21. Rac1
Nd7 22. Nc4 b5 23. Ne3 Bxc3 24. Rxc3 bxa4 25. Rxc6 Nf6 26. Nc4 Qb7 27. Nxa5 Qb5
28. Qxb5 Rxb5 29. e5 Rxa5 30. exf6 gxf6 31. Rb6 Kg7 32. Rb4 a3 33. bxa3 Rxa3 34.
Rd2 Ra5 35. Rc2 Rad5 36. Rcc4 Kg6 37. Kf3 h5 38. Ke4 1/2-1/2

[Event "25th European Teams"]
[Site "Batumi GEO"]
[Date "2025.10.13"]
[Round "8.4"]
[Board "1"]
[White "Deac, Bogdan-Daniel"]
[Black "Leko, Peter"]
[Result "1/2-1/2"]
[WhiteTitle "GM"]
[BlackTitle "GM"]
[WhiteElo "2655"]
[BlackElo "2666"]
[WhiteTeam "Romania"]
[BlackTeam "Hungary"]
[WhiteFideId "1226380"]
[BlackFideId "703303"]
[EventDate "2025.10.05"]

1. e4 e5 2. Nf3 Nc6 3. Bb5 Nf6 4. O-O Nxe4 5. Re1 Nd6 6. Nxe5 Be7 7. Bf1 Nxe5 8.
Rxe5 O-O 9. d4 Bf6 10. Re1 Re8 11. c3 Rxe1 12. Qxe1 Ne8 13. a4 d5 14. a5 c6 15.
Bf4 Bf5 16. Nd2 Nc7 17. Be5 Ne6 18. Bxf6 Qxf6 19. Qe3 Qg5 20. Qxg5 Nxg5 21. f3
h6 22. Kf2 Ne6 23. g3 Kf8 24. Be2 Re8 25. Nb3 g5 26. Nc5 Nxc5 27. dxc5 a6 28.
Ra4 Kg7 29. Rb4 Re7 30. h4 Kf6 31. Bf1 Be6 32. Bd3 Bf5 33. Bf1 Be6 34. Be2 Bc8
35. Rd4 Be6 36. Ra4 Re8 37. Rb4 Re7 38. Rd4 Re8 39. Rb4 Re7 40. Ke1 Bc8 41. Kf2 1/2-1/2

[Event "25th European Teams"]
[Site "Batumi GEO"]
[Date "2025.10.13"]
[Round "8.4"]
[Board "2"]
[White "Banusz, Tamas"]
[Black "Nisipeanu, Liviu-Dieter"]
[Result "1/2-1/2"]
[WhiteTitle "GM"]
[BlackTitle "GM"]
[WhiteElo "2588"]
[BlackElo "2577"]
[WhiteTeam "Hungary"]
[BlackTeam "Romania"]
[WhiteFideId "722413"]
[BlackFideId "1202758"]
[EventDate "2025.10.05"]

1. Nf3 Nf6 2. c4 c5 3. g3 b6 4. Bg2 Bb7 5. O-O e6 6. b3 Be7 7. Bb2 O-O 8. e3 d5
9. Nc3 Nc6 10. cxd5 Nxd5 11. Nxd5 exd5 12. d4 a5 13. Re1 a4 14. bxa4 c4 15. Bc3
Bb4 16. Bxb4 Nxb4 17. Ne5 Nc6 18. Rb1 Ra6 19. h4 Qd6 20. Rb5 Nxe5 21. dxe5 Qxe5
22. Bxd5 Bxd5 23. Rxd5 Qe8 24. Rb5 Qc6 25. Qc2 h6 26. Rd1 Rc8 27. Rd4 c3 28.
Rbd5 Raa8 29. Rd3 Qc4 30. R3d4 Qc6 31. Kh2 Qg6 32. e4 Rc6 33. h5 Qe6 34. e5 Rcc8
35. Kg2 Qe8 36. f3 Ra5 37. g4 1/2-1/2

[Event "25th European Teams"]
[Site "Batumi GEO"]
[Date "2025.10.13"]
[Round "8.4"]
[Board "3"]
[White "Lupulescu, Constantin"]
[Black "Sjugirov, Sanan"]
[Result "1/2-1/2"]
[WhiteTitle "GM"]
[BlackTitle "GM"]
[WhiteElo "2577"]
[BlackElo "2632"]
[WhiteTeam "Romania"]
[BlackTeam "Hungary"]
[WhiteFideId "1207822"]
[BlackFideId "4189302"]
[EventDate "2025.10.05"]

1. d4 Nf6 2. c4 e6 3. Nf3 d5 4. Nc3 Be7 5. Bf4 O-O 6. e3 Nbd7 7. a3 dxc4 8. Bxc4
c5 9. O-O a6 10. dxc5 Nxc5 11. b4 Ncd7 12. Be2 b5 13. Nd4 Bb7 14. Bf3 Qb6 15.
Nb3 Rac8 16. Rc1 Rfd8 17. Bxb7 Qxb7 18. Na5 Qa8 19. Qb3 Nb6 20. Ne2 Rxc1 21.
Rxc1 Rc8 22. Rxc8+ Qxc8 23. Qc3 Qd7 24. Qc2 Nc4 25. Nxc4 bxc4 26. h3 Qc6 27. Be5
Nd7 28. Bd4 Bf6 29. Bxf6 Nxf6 30. Nd4 Qd5 31. Qa4 e5 32. Qxa6 h6 33. Nf3 Kh7 34.
Qc8 Nd7 35. a4 Qd3 36. a5 c3 37. Kh2 Qd6 38. e4 Qxb4 39. a6 Qa4 40. Qxc3 Qxa6
41. Qc7 1/2-1/2

[Event "25th European Teams"]
[Site "Batumi GEO"]
[Date "2025.10.13"]
[Round "8.4"]
[Board "4"]
[White "Gledura, Benjamin"]
[Black "Gavrilescu, David"]
[Result "1-0"]
[WhiteTitle "GM"]
[BlackTitle "GM"]
[WhiteElo "2643"]
[BlackElo "2535"]
[WhiteTeam "Hungary"]
[BlackTeam "Romania"]
[WhiteFideId "712779"]
[BlackFideId "1227190"]
[EventDate "2025.10.05"]

1. d4 d5 2. c4 e6 3. Nc3 c6 4. cxd5 exd5 5. Bf4 Bd6 6. Bxd6 Qxd6 7. e3 Ne7 8.
Nf3 O-O 9. Qb3 Nd7 10. Bd3 Nf6 11. Qc2 g6 12. h4 h5 13. O-O-O Bf5 14. Kb1 Rac8
15. Ng5 c5 16. dxc5 Qxc5 17. Qb3 Bxd3+ 18. Rxd3 Qc4 19. Rd4 Qxb3 20. axb3 Rc6
21. Rhd1 Rb6 22. Ka2 Rc8 23. Nf3 Kg7 24. Rf4 Ra6+ 25. Ra4 Rxa4+ 26. bxa4 a6 27.
Kb3 Rc7 28. Ne5 Kf8 29. g3 Ke8 30. Nd3 Ne4 31. Nxe4 dxe4 32. Nf4 Rd7 33. Rxd7
Kxd7 34. Kc4 Kd6 35. Kd4 f5 36. Kc4 Kc6 37. a5 Kd6 38. b4 Kc6 39. b5+ Kd6 40.
Nh3 Nc8 41. Ng5 axb5+ 42. Kxb5 Kd7 43. Nf7 Ke7 44. Ne5 Kf6 45. Nd7+ Ke7 46. Nc5
Nd6+ 47. Kb4 Ke8 48. Kc3 Kd8 49. Kd4 Ke8 50. Kd5 Ke7 51. Ne6 Ne8 52. Nf4 Nf6+
53. Kd4 Kd6 54. Nxg6 Ng4 55. Nf4 Nxf2 56. Nxh5 Nh1 57. Kc4 Nf2 58. Kd4 Nh1 59.
Nf4 Nxg3 60. h5 Ke7 61. Kc5 Nf1 62. Nd5+ Ke6 63. h6 Kf7 64. Kb6 f4 65. exf4 e3
66. Nc3 Nd2 67. Kxb7 Nb3 68. Kb6 1-0

[Event "25th European Teams"]
[Site "Batumi GEO"]
[Date "2025.10.13"]
[Round "8.5"]
[Board "1"]
[White "Sargsyan, Shant"]
[Black "Gurel, Ediz"]
[Result "0-1"]
[WhiteTitle "GM"]
[BlackTitle "GM"]
[WhiteElo "2667"]
[BlackElo "2634"]
[WhiteTeam "Armenia"]
[BlackTeam "Turkiye"]
[WhiteFideId "13306766"]
[BlackFideId "44507356"]
[EventDate "2025.10.05"]

1. d4 Nf6 2. c4 e6 3. Nf3 d5 4. Nc3 Nbd7 5. cxd5 exd5 6. Bg5 h6 7. Bh4 Be7 8. e3
c6 9. Qc2 O-O 10. Bd3 Re8 11. O-O Ne4 12. Bxe4 Bxh4 13. Bh7+ Kf8 14. Bd3 Be7 15.
Ne5 Nxe5 16. dxe5 Bc5 17. Na4 Bb6 18. Nxb6 Qxb6 19. Qc3 Be6 20. Rac1 d4 21. Qa3+
Kg8 22. e4 a5 23. Rfd1 Qb4 24. Bb1 Qxa3 25. bxa3 g5 26. Rxd4 c5 27. Rd6 b5 28.
f3 b4 29. g3 c4 30. f4 c3 31. Kf2 Rab8 32. axb4 axb4 33. Ke3 Rec8 34. f5 Bc4 35.
Rxh6 Kg7 36. Rd6 Rb5 37. Kd4 Ra5 38. Rc2 Ra4 39. Ke3 Bxa2 40. Bxa2 Rxa2 41. Rxa2
b3 42. Raa6 b2 43. Rac6 Rxc6 44. Rxc6 b1=Q 45. Rxc3 Qg1+ 46. Kf3 Qh1+ 47. Ke3
Qxh2 48. Kd4 Qf2+ 49. Kd5 Qd2+ 50. Kc4 Kf8 51. Rd3 Qc2+ 52. Kd4 Qb2+ 53. Kd5 Ke7
54. g4 Qe2 55. Rb3 Qd1+ 56. Kc4 Qc2+ 0-1

[Event "25th European Teams"]
[Site "Batumi GEO"]
[Date "2025.10.13"]
[Round "8.5"]
[Board "2"]
[White "Yilmaz, Mustafa"]
[Black "Hovhannisyan, Robert"]
[Result "1/2-1/2"]
[WhiteTitle "GM"]
[BlackTitle "GM"]
[WhiteElo "2591"]
[BlackElo "2633"]
[WhiteTeam "Turkiye"]
[BlackTeam "Armenia"]
[WhiteFideId "6302718"]
[BlackFideId "13302507"]
[EventDate "2025.10.05"]

1. d4 d5 2. c4 e6 3. Nc3 Nf6 4. cxd5 exd5 5. Bg5 c6 6. e3 Bf5 7. Qf3 Bg6 8. Bxf6
Qxf6 9. Qxf6 gxf6 10. h4 Nd7 11. Nge2 h5 12. Nf4 Bd6 13. g3 Nb6 14. Be2 a5 15.
Rc1 Kf8 16. f3 Kg7 17. Kf2 Rae8 18. g4 hxg4 19. fxg4 Nc4 20. Bxc4 dxc4 21. Nxg6
fxg6 22. Kf3 Re6 23. Ne4 Bb4 24. a3 Rhe8 25. axb4 Rxe4 26. Rhe1 axb4 27. Rxc4 b3
28. Rb4 b5 29. Rxb3 Rxd4 30. Rc3 Rd6 31. Ra1 b4 32. Rc4 Rd3 33. Re1 Rh8 34. Kg3
Re8 35. Kf3 Rh8 36. Kg3 Re8 37. Kf4 Rh8 38. Kg3 1/2-1/2

[Event "25th European Teams"]
[Site "Batumi GEO"]
[Date "2025.10.13"]
[Round "8.5"]
[Board "3"]
[White "Martirosyan, Haik M."]
[Black "Can, Emre"]
[Result "1/2-1/2"]
[WhiteTitle "GM"]
[BlackTitle "GM"]
[WhiteElo "2626"]
[BlackElo "2552"]
[WhiteTeam "Armenia"]
[BlackTeam "Turkiye"]
[WhiteFideId "13306553"]
[BlackFideId "6302181"]
[EventDate "2025.10.05"]

1. d4 d5 2. c4 e6 3. Nf3 Nf6 4. Nc3 c6 5. Bg5 dxc4 6. e4 b5 7. e5 h6 8. Bh4 g5
9. Nxg5 hxg5 10. Bxg5 Nbd7 11. exf6 Bb7 12. h4 Nxf6 13. Qe2 Be7 14. Qe5 Rg8 15.
O-O-O Ng4 16. Bxe7 Qxe7 17. Qf4 O-O-O 18. Be2 Qc7 19. Qxc7+ Kxc7 20. Bxg4 Rxg4
21. Rh2 Rh8 22. h5 b4 23. Ne2 c5 24. f3 Rg5 25. h6 cxd4 26. Rxd4 Bd5 27. Rdh4
Kd6 28. Nd4 e5 29. Nc2 b3 30. axb3 cxb3 31. Ne3 Be6 32. Ra4 Rg6 33. Rxa7 Kc5 34.
Rh4 Kb6 35. Rha4 Rgxh6 36. Kd2 Rh4 37. R4a6+ Kb5 38. Ra5+ Kb6 39. R5a6+ Kb5 40.
Ra5+ 1/2-1/2

[Event "25th European Teams"]
[Site "Batumi GEO"]
[Date "2025.10.13"]
[Round "8.5"]
[Board "4"]
[White "Sanal, Vahap"]
[Black "Sargissian, Gabriel"]
[Result "0-1"]
[WhiteTitle "GM"]
[BlackTitle "GM"]
[WhiteElo "2538"]
[BlackElo "2624"]
[WhiteTeam "Turkiye"]
[BlackTeam "Armenia"]
[WhiteFideId "6300545"]
[BlackFideId "13300881"]
[EventDate "2025.10.05"]

1. e4 e5 2. Nf3 Nc6 3. Bb5 a6 4. Ba4 Nf6 5. O-O Be7 6. Bxc6 dxc6 7. Re1 Nd7 8.
d4 exd4 9. Qxd4 O-O 10. Bf4 Nc5 11. Qe3 Ne6 12. Bg3 Bc5 13. Qc3 a5 14. Nbd2 f6
15. a3 Qe7 16. Nb3 Bb6 17. Nbd4 a4 18. Qc4 Qf7 19. Rad1 Nxd4 20. Qxf7+ Kxf7 21.
Nxd4 Rd8 22. c3 Bd7 23. f3 c5 24. Ne2 Be6 25. Bf2 Bb3 26. Rxd8 Rxd8 27. Be3 c6
28. Ng3 Bc7 29. Kf2 b6 30. Re2 Bc4 31. Rd2 Rxd2+ 32. Bxd2 g6 33. h4 h5 34. Ne2
Bd6 35. Nf4 b5 36. g3 Bb3 37. Ke2 Bc2 38. Be1 Bb3 39. Nd3 Bc4 40. Kd2 Bxd3 41.
Kxd3 f5 42. exf5 gxf5 43. Bf2 Ke6 44. Be1 Be5 45. Bf2 Kd5 46. Be1 b4 47. c4+ Ke6
48. Kc2 b3+ 49. Kc1 f4 50. g4 hxg4 51. fxg4 f3 0-1

[Event "25th European Teams"]
[Site "Batumi GEO"]
[Date "2025.10.13"]
[Round "8.6"]
[Board "2"]
[White "Petkov, Momchil"]
[Black "Anton Guijarro, David"]
[Result "1/2-1/2"]
[WhiteTitle "GM"]
[BlackTitle "GM"]
[WhiteElo "2509"]
[BlackElo "2631"]
[WhiteTeam "Bulgaria"]
[BlackTeam "Spain"]
[WhiteFideId "2921642"]
[BlackFideId "2285525"]
[EventDate "2025.10.05"]

1. e4 c6 2. d4 d5 3. e5 Bf5 4. Bd3 Bxd3 5. Qxd3 e6 6. Ne2 c5 7. c3 Nc6 8. O-O
Rc8 9. a3 Nge7 10. b4 cxd4 11. cxd4 Nf5 12. Nbc3 Be7 13. Bd2 O-O 14. b5 Nb8 15.
a4 Bb4 16. Nd1 Ba5 17. Bxa5 Qxa5 18. g4 Ne7 19. f4 f6 20. Qa3 Qd8 21. Qd6 Qd7
22. Ne3 f5 23. Qxd7 Nxd7 24. g5 Nb6 25. Ra2 Nc4 26. Kf2 Nxe3 27. Kxe3 Rc4 28. h4
Rfc8 29. h5 Kf7 30. Rb1 Ke8 31. Kd3 Kd7 1/2-1/2

[Event "25th European Teams"]
[Site "Batumi GEO"]
[Date "2025.10.13"]
[Round "8.6"]
[Board "3"]
[White "Yuffa, Daniil"]
[Black "Dimitrov, Radoslav"]
[Result "1-0"]
[WhiteTitle "GM"]
[BlackTitle "GM"]
[WhiteElo "2621"]
[BlackElo "2496"]
[WhiteTeam "Spain"]
[BlackTeam "Bulgaria"]
[WhiteFideId "24131423"]
[BlackFideId "2908549"]
[EventDate "2025.10.05"]

1. Nf3 c5 2. e4 g6 3. c3 Bg7 4. d4 cxd4 5. cxd4 Nf6 6. Nc3 O-O 7. h3 d5 8. e5
Ne4 9. Bd3 Bf5 10. O-O Nxc3 11. bxc3 Qc8 12. Rb1 b6 13. Re1 Nc6 14. Qc2 Bxd3 15.
Qxd3 Qf5 16. Qxf5 gxf5 17. e6 fxe6 18. Rxe6 Rac8 19. Bg5 Bf6 20. Rbe1 Rc7 21.
Bxf6 Rxf6 22. Ng5 Rxe6 23. Nxe6 Rd7 24. Kh2 Kf7 25. Kg3 Rd6 26. Ng5+ Kf6 27. Kf4
h6 28. Nf3 Nd8 29. Ne5 Ne6+ 30. Ke3 Rd8 31. Kd2 Ng5 32. f3 e6 33. Nd3 Nf7 34.
Nf4 Rd6 35. h4 Nh8 36. g4 Ng6 37. Nxg6 Kxg6 38. Ke3 fxg4 39. fxg4 Rd8 40. Kf4
Kf6 41. g5+ hxg5+ 42. hxg5+ Kf7 43. Ke5 Rc8 44. Kd6 Rxc3 45. Rxe6 Ra3 46. Rf6+
Kg7 47. Rf2 Ra5 48. Kc6 Kg6 49. Rg2 Ra3 50. Kxd5 Rd3 51. Ke5 b5 52. d5 b4 53. d6
a5 54. Rg4 Rd2 55. Rd4 Re2+ 56. Kd5 Kf7 57. g6+ Kf6 58. d7 1-0

[Event "25th European Teams"]
[Site "Batumi GEO"]
[Date "2025.10.13"]
[Round "8.6"]
[Board "4"]
[White "Georgiev, Kiril"]
[Black "Santos Latasa, Jaime"]
[Result "1/2-1/2"]
[WhiteTitle "GM"]
[BlackTitle "GM"]
[WhiteElo "2526"]
[BlackElo "2609"]
[WhiteTeam "Bulgaria"]
[BlackTeam "Spain"]
[WhiteFideId "2900017"]
[BlackFideId "2293307"]
[EventDate "2025.10.05"]

1. e4 c5 2. Nf3 d6 3. Bb5+ Nd7 4. c3 Nf6 5. Qe2 a6 6. Ba4 b5 7. Bc2 Bb7 8. O-O
e6 9. d4 Be7 10. Bf4 Qc7 11. Rc1 O-O 12. Nbd2 Rfc8 13. h3 Qb6 14. Bd3 cxd4 15.
cxd4 Rxc1+ 16. Rxc1 Rc8 17. Rxc8+ Bxc8 18. Qd1 Bb7 19. Qc2 h6 20. Be3 Qd8 21. a4
bxa4 22. Qxa4 Qc8 23. Qc2 Qb8 24. Nh2 Bd8 25. Nhf1 Bb6 26. b4 Qa8 27. Ng3 a5 28.
bxa5 Qxa5 29. Qb2 Ba6 30. Bb1 Qa4 31. Bc2 1/2-1/2

[Event "25th European Teams"]
[Site "Batumi GEO"]
[Date "2025.10.13"]
[Round "8.7"]
[Board "1"]
[White "Theodorou, Nikolas"]
[Black "Moroni, Luca Jr"]
[Result "1/2-1/2"]
[WhiteTitle "GM"]
[BlackTitle "GM"]
[WhiteElo "2652"]
[BlackElo "2544"]
[WhiteTeam "Greece"]
[BlackTeam "Italy"]
[WhiteFideId "4262875"]
[BlackFideId "865834"]
[EventDate "2025.10.05"]

1. Nf3 d5 2. g3 c5 3. Bg2 Nc6 4. d4 e6 5. O-O Nf6 6. e3 b5 7. Nbd2 Qb6 8. c3 Ba6
9. dxc5 Bxc5 10. b4 Be7 11. Re1 Rd8 12. Qb3 O-O 13. a3 Bb7 14. e4 Ng4 15. Re2
Bf6 16. exd5 exd5 17. Bb2 Rfe8 18. Rae1 Rxe2 19. Rxe2 h6 20. Qc2 Nge5 21. Nxe5
Nxe5 22. Nb3 Nc4 23. Bc1 d4 24. cxd4 Bxg2 25. Kxg2 Bxd4 26. Qe4 a5 27. bxa5 Nxa5
28. Nxd4 Qxd4 29. Qxd4 Rxd4 30. Re5 Nb3 31. Be3 Ra4 32. Rxb5 Rxa3 33. Rb8+ Kh7
34. Rb7 Kg8 35. h4 Na5 36. Rc7 Rb3 37. Rc8+ Kh7 38. Rc5 Nb7 39. Rd5 Kg8 40. h5
Kf8 41. g4 Ke7 42. Re5+ Kf8 43. Rd5 Ke7 44. Re5+ Kf8 45. Re4 Rd3 46. Rc4 Nd8 47.
Rc8 Ke7 48. Ra8 Ne6 49. Ra7+ Rd7 50. Ra5 Kf8 51. f4 Kg8 52. Ra6 Kh7 53. f5 Ng5
54. f6 gxf6 55. Rxf6 Kg7 56. Ra6 Ne6 57. Bc1 Rb7 58. Ra4 Rb1 59. Rc4 Rb5 60. Rc6
Ng5 61. Rc2 f5 62. Rc7+ Kg8 63. Rc8+ Kg7 64. gxf5 Rxf5 65. Kg3 Ne4+ 66. Kg4 Rc5
67. Rxc5 Nxc5 68. Bxh6+ Kxh6 69. Kf5 Kxh5 1/2-1/2

[Event "25th European Teams"]
[Site "Batumi GEO"]
[Date "2025.10.13"]
[Round "8.7"]
[Board "2"]
[White "Vocaturo, Daniele"]
[Black "Kourkoulos-Arditis, Stamatis"]
[Result "1/2-1/2"]
[WhiteTitle "GM"]
[BlackTitle "GM"]
[WhiteElo "2563"]
[BlackElo "2583"]
[WhiteTeam "Italy"]
[BlackTeam "Greece"]
[WhiteFideId "813192"]
[BlackFideId "4221990"]
[EventDate "2025.10.05"]

1. e4 e5 2. Nf3 Nc6 3. Bb5 a6 4. Bxc6 dxc6 5. O-O Qf6 6. d4 exd4 7. Bg5 Qd6 8.
Nxd4 Be7 9. Bxe7 Nxe7 10. Nc3 Bd7 11. Nb3 O-O-O 12. Qf3 Ng6 13. Qxf7 Nf4 14.
Rad1 Qe5 15. Qc4 Bh3 16. Rxd8+ Rxd8 17. Rd1 Bxg2 18. Rxd8+ Kxd8 19. Qf7 g5 20.
Qf8+ Qe8 21. Qxe8+ Kxe8 22. Nc5 b6 23. Nxa6 Kd7 24. Nb4 Kd6 25. Nd3 Bf3 26. Kf1
Ng6 27. a4 c5 28. b3 c6 29. Ke1 Ne5 30. Kd2 Ng4 31. h3 Ne5 32. Ne1 Bh5 33. Ke3
Be8 34. Ne2 g4 35. h4 Ng6 36. h5 Nf8 37. Ng3 Ne6 38. f3 gxf3 39. Nxf3 Ke7 40. e5
Kf8 41. c3 Nc7 42. Ng5 Nd5+ 43. Kd2 h6 44. N5e4 Bd7 45. c4 Nf4 46. Nf6 Be6 47.
Ke3 Ng2+ 48. Ke4 Nh4 49. Ne2 Ke7 50. Ng3 Kf8 51. Nf1 Nf5 52. Ne3 Nd4 53. b4 Nb3
54. b5 cxb5 55. axb5 Nd2+ 56. Kd3 Nf3 57. Ke4 Nd2+ 58. Kd3 Nf3 59. Ke4 1/2-1/2

[Event "25th European Teams"]
[Site "Batumi GEO"]
[Date "2025.10.13"]
[Round "8.7"]
[Board "3"]
[White "Mastrovasilis, Dimitrios"]
[Black "Brunello, Sabino"]
[Result "1/2-1/2"]
[WhiteTitle "GM"]
[BlackTitle "GM"]
[WhiteElo "2522"]
[BlackElo "2493"]
[WhiteTeam "Greece"]
[BlackTeam "Italy"]
[WhiteFideId "4202694"]
[BlackFideId "813613"]
[EventDate "2025.10.05"]

1. e4 e5 2. Nf3 Nc6 3. d4 exd4 4. Nxd4 Nf6 5. Nxc6 bxc6 6. Nd2 d5 7. exd5 cxd5
8. Bb5+ Bd7 9. Bxd7+ Qxd7 10. O-O Be7 11. b3 O-O 12. Bb2 Rfe8 13. Qf3 Ng4 14. h3
Bf6 15. Bxf6 Nxf6 16. Rfe1 Qd6 17. Nf1 g6 18. Rad1 Kg7 19. Qc3 c5 20. Ng3 d4 21.
Qf3 Rxe1+ 22. Rxe1 Rc8 23. Ne4 Nxe4 24. Qxe4 c4 25. Rd1 cxb3 26. axb3 Qf6 27. g3
h5 28. h4 Rc3 29. Kg2 Qc6 30. Qxc6 Rxc6 31. Rxd4 1/2-1/2

[Event "25th European Teams"]
[Site "Batumi GEO"]
[Date "2025.10.13"]
[Round "8.7"]
[Board "4"]
[White "Lodici, Lorenzo"]
[Black "Pavlidis, Antonios"]
[Result "1-0"]
[WhiteTitle "GM"]
[BlackTitle "GM"]
[WhiteElo "2560"]
[BlackElo "2579"]
[WhiteTeam "Italy"]
[BlackTeam "Greece"]
[WhiteFideId "884189"]
[BlackFideId "4212312"]
[EventDate "2025.10.05"]

1. e4 e5 2. Nf3 Nc6 3. Bc4 Nf6 4. d3 h6 5. a4 Bc5 6. Be3 Bxe3 7. fxe3 d5 8. exd5
Nxd5 9. Qd2 Be6 10. Bb5 O-O 11. Bxc6 bxc6 12. e4 Nf4 13. Nc3 f6 14. O-O Bg4 15.
Nh4 c5 16. b3 Kh7 17. Kh1 Qd7 18. Rf2 Rad8 19. Raf1 a6 20. Nf5 Qc6 21. Ne3 Be6
22. Qd1 Rd7 23. Rd2 Rfd8 24. h4 Bf7 25. Kh2 Qe6 26. Qf3 Bh5 27. Qf2 Bg6 28. Rdd1
Bh5 29. Rde1 Nxd3 30. cxd3 Rxd3 31. Ncd5 Bg6 32. Nxc7 Qc6 33. Ned5 Rxb3 34. h5
Bxh5 35. Qf5+ Bg6 36. Qxg6+ Kxg6 37. Ne7+ Kh7 38. Nxc6 Rc8 39. Na5 Rb2 40. Nc4 1-0

[Event "25th European Teams"]
[Site "Batumi GEO"]
[Date "2025.10.13"]
[Round "8.8"]
[Board "1"]
[White "Maurizzi, MarcAndria"]
[Black "Petriashvili, Nikoloz"]
[Result "0-1"]
[WhiteTitle "GM"]
[BlackTitle "IM"]
[WhiteElo "2624"]
[BlackElo "2489"]
[WhiteTeam "France"]
[BlackTeam "Georgia 2"]
[WhiteFideId "36083534"]
[BlackFideId "13611216"]
[EventDate "2025.10.05"]

1. d4 Nf6 2. c4 e6 3. Nc3 Bb4 4. g3 O-O 5. Bg2 Nc6 6. Nf3 Bxc3+ 7. bxc3 d6 8.
Bg5 h6 9. Bh4 e5 10. Rb1 Bf5 11. Rxb7 Be4 12. Bxf6 Qxf6 13. Rb3 Na5 14. Rb4 c5
15. Ra4 Qd8 16. d5 Rb8 17. O-O Rb1 18. Qd2 Rxf1+ 19. Bxf1 Bf5 20. e3 e4 21. Ne1
Qc7 22. Ra3 Bd7 23. Qc2 Re8 24. f3 f5 25. Kf2 g5 26. h3 f4 27. gxf4 gxf4 28.
fxe4 fxe3+ 29. Kxe3 Bf5 30. Qg2+ Kh8 31. Kd2 Bxe4 32. Qf2 Qb6 33. Qf6+ Kg8 34.
Rb3 Nxb3+ 35. axb3 Qxb3 36. Bd3 Bxd3 37. Nxd3 Qa2+ 38. Kc1 Qa1+ 39. Kd2 Qg1 0-1

[Event "25th European Teams"]
[Site "Batumi GEO"]
[Date "2025.10.13"]
[Round "8.8"]
[Board "2"]
[White "Tutisani, Noe"]
[Black "Fressinet, Laurent"]
[Result "0-1"]
[WhiteTitle "IM"]
[BlackTitle "GM"]
[WhiteElo "2424"]
[BlackElo "2602"]
[WhiteTeam "Georgia 2"]
[BlackTeam "France"]
[WhiteFideId "13602853"]
[BlackFideId "608742"]
[EventDate "2025.10.05"]

1. e4 e5 2. Nf3 Nc6 3. Bb5 a6 4. Ba4 Nf6 5. O-O Be7 6. Re1 b5 7. Bb3 O-O 8. a4
Bb7 9. d3 d5 10. exd5 Nxd5 11. Nc3 Nxc3 12. bxc3 Bf6 13. Rb1 Na5 14. axb5 axb5
15. Nxe5 Nxb3 16. cxb3 Qd5 17. Qf3 Qxe5 0-1